000 00318 a2200109 4500
001 ART_56391
005 20260410161815.0
008 260409a
245 1 0 _aLa poesía en la enseñanza del Derecho
100 1 _aCardinaux, Nancy
773 0 _tAcademia
_g- Año 16, Nº 32 (jul./dic. 2018)
_wREV4314
999 _c21855
_d21855